Managing the politics of reform : overhauling the legal infrastructure of public procurement in the Philippines (Record no. 32253)

MARC details
000 -LEADER
fixed length control field 00607nam a2200181Ia 4500
020 ## - INTERNATIONAL STANDARD BOOK NUMBER
ISBN 9780821364352
050 ## - CALL MARK
Classification number KP M850 .C36/
100 ## - STATEMENT OF RESPONSIBILITY--MAIN AUTHOR NAME
Personal name Campos, Edgardo J.
245 #0 - TITLE STATEMENT
Title Managing the politics of reform : overhauling the legal infrastructure of public procurement in the Philippines
260 ## - PUBLICATION, DISTRIBUTION, ETC. (IMPRINT)
Place of publication Washington, DC
260 ## - PUBLICATION, DISTRIBUTION, ETC. (IMPRINT)
Name of publisher World Bank
260 ## - PUBLICATION, DISTRIBUTION, ETC. (IMPRINT)
Year of publication 2005
300 ## - PHYSICAL DESCRIPTION
Number of Pages 52 p
650 ## - SUBJECT ADDED ENTRY--TOPICAL TERM
Topical Term Managing the politics of reform : overhauling the legal infrastructure of public procurement in the Philippines
942 ## - ADDED ENTRY ELEMENTS (KOHA)
Koha item type Books
Holdings
Withdrawn status Lost status Source of classification or shelving scheme Damaged status Not for loan Permanent Location Current Location Date acquired Accession Number Price effective from Koha item type
    Library of Congress Classification     NILE UNIVERSITY OF NIGERIA - MAIN LIBRARY NILE UNIVERSITY OF NIGERIA - MAIN LIBRARY 04/23/2025 0194545 04/23/2025 Books